1846 1622 1893 1089 1083 1708 1133 1249 1428 1504 1408 1287 1174 1462 1683 1904 1627 1867 1130 1951 1965 1225 1751 1869 1180 1109 1947 1745 1737 1484 1355 1948 1914 1500 1770 1258 1108 1833 1958 1037 1074 1727 1545 1141 1679 1700 1013 1015 1461 1971 1967 1965 1713 1935 1498 1809 1119 1594 1006 1946 1361 1719 1292 1301 1250 1983 1501 1291 1744 1884 1198 1815 1227 1982 1145 1920 1572 1882 1373 1616 1455 1839 1545 1170 1356 1530 1748 1872 1755 1209 1781 1406 1767 1216 1471 1763 1430 1884 1732 BCNSPRNW ULIB Ver.6.0+V

เปลี่ยนเป็นภาษาไทย

Change to English
 แสดงรายละเอียดบรรณานุกรม
  กลับหน้าหลัก

Brief Record : Get Marc (ISO 2709) : E-mail record : QR code < ปิดหน้าต่าง
LEADER : 00000nam 2200000uu 4500
001    13399127047
003     ULIB
008    020711s2562 th a 000 0 tha d
020    ^a9786168237021
060    ^aWS103^bส943ห
100    ^aเสาวภา พรจินดารักษ์
245    ^aหมีน้อยอาบน้ำสระผมเองเก่งจัง ชุดหมีน้อย...เก่งจัง (LITTLE BEAR LEARNS TO TAKE A BATH)
250    ^aพิมพ์ครั้งที่ 1
260    ^aกรุงเทพฯ :^bสำนักพิมพ์ Happy Parenting,^c2562
300    ^a24 หน้า;^b21 ซม.
650    ^aเด็ก^xการเรียนการสอน
945    ^p135^l0^i006235
999    ^aประนอม เกษจรัล
รายการนี้ยังไม่มีแท็ก
คุณยังไม่ได้ล็อกอิน คุณสามารถมีกิจกรรมร่วมกับเว็บไซต์ได้ แต่ต้องล็อกอินก่อน ::
  ล็อกอิน

รายการสื่อสารสนเทศ

ลำดับที่ ประเภท เลขเรียก/บาร์โค้ด สถานที่ สถานะ
1. วิทยาศาสตร์การแพทย์ และสุขภาพ
วิทยาศาสตร์การแพทย์ และสุขภาพ
WS103 ส943ห ฉ.1 
  Barcode: 006235
ห้องสมุดวิทยาเขตสวรรค์ประชารักษ์
►หนังสือทั่วไป
บนชั้น

รายการใกล้เคียง
    ผู้แต่ง [เสาวภา พรจินดารักษ์]

BibComment


ยังไม่เคยถูกคอมเมนท์

คอมเมนท์ทรัพยากรรายการนี้
  คอมเมนท์: หมีน้อยอาบน้ำสระ..


 Copyright 2026. Bcnsprnw @Library